01019cam a2200289 a 450000100100000000500170001000800410002702000150006804000230008304300120010608200180011810000460013624500510018226000330023330000360026649000090030250400330031165100630034465000330040765000460044065000180048660000390050483000160054391000340055995201210059399900150071400000173020200929145659.0990316s1998 cu ac b 000 0 spa  a9592092273 aDO-SdBNPcDLCdDLC anwcu--- a972.91bP438h1 aPérez Guzmán, Francisco,d1941-9562610aHerida profunda /cFrancisco Pérez Guzmán. aLa Habana :bUnión,c1998. a259 p. :bil., retrs. ;c21 cm.1 aClio aBibliografías: p. 257-259. 4aCubaxHistoriayLUCHA DE LA REVOLUCIÓN,y1895-189895627 4aDesplazamiento forzado95628 4aCampesinos historiazCubaxHistoria95629 4aRehenes9563010aWeyler, Valeria,d1838-1930.95631 0aClio;95632 aCatalogación por copia / LC 001052708MOaGRbGRcCTd2009-07-03iLF1l0o972.91 P438hp1730-10r2020-06-25w2020-06-25y2ZPréstamo interno c1608d1608